| 000 | 01159nam a22003137 4500 | ||
|---|---|---|---|
| 001 | |||
| 003 | |||
| 005 | 20220427112357.0 | ||
| 008 | 961119s1994 dr | ||| ||spa | ||
| 040 |
_a BPMSU _bspa _cBPMSU _e |
||
| 082 |
_aRD868.42 _bN789o 1994 _222 |
||
| 100 | 1 |
_aNolasco, Sócrates _d1884-1980 |
|
| 245 | 1 | 0 |
_aObras Completas / _cSócrates Nolasco ; estudio preliminar de Carlos Esteban Deive. |
| 246 | 1 | 3 | _aObras completas, Sócrates Nolasco |
| 260 |
_aSanto Domingo : _bFundación Corripio, _c1994 |
||
| 300 |
_a3 v. _c23 cm |
||
| 490 | 0 |
_aBiblioteca de clásicos dominicanos _v18-19 |
|
| 500 | _3Incluye referencias bibliográficas y notas al pie de las páginas | ||
| 500 | _3Incluye datos biográficos del autor en la solapa de la cubierta | ||
| 505 | 0 |
_av.1 : _t Cuentos -- _gv. 2 : _tEnsayos históricos -- _gV.3 : _tEnsayos literarios. |
|
| 590 | _6Inventariado, 2022/VM | ||
| 650 | 4 |
_aLiteratura dominicana _xHistoria y crítica _yS.XX _2 |
|
| 650 | 4 | _a Cuentos dominicanos. | |
| 650 | 4 | _a Ensayos dominicanos. | |
| 651 | 4 |
_aRepública Dominicana _xHistoria _2 |
|
| 910 | _aVMateo V. | ||
| 942 |
_cBK _2ddc |
||
| 956 | _a | ||
| 999 |
_c14163 _d14163 |
||